LEADER 01091nam0-22003131i-450- 001 990002051030403321 005 20021010 035 $a000205103 035 $aFED01000205103 035 $a(Aleph)000205103FED01 035 $a000205103 100 $a20021010d--------km-y0itay50------ba 101 0 $aita 200 1 $aConferencia Latino - Americana de florestas e produtos florestais. Teresopolis (estado do Rio de Janeiro).Relatorio. Junho de 1948$fF.A.O. 210 $aRio de Janeiro$cF.A.O.$d1948 215 $a88 p.$d23 cm 610 0 $aCongressi Vari 610 0 $aFloricoltura Congressi 676 $a635.9 702 1$aFAO 710 12$aCONFERENCIA LATINO - AMERICANA de FLORESTAS e PRODUTOS FLORESTAIS. Teresopolis, 1948$0360793 801 0$aIT$bUNINA$gRICA$2UNIMARC 901 $aBK 912 $a990002051030403321 952 $a61 VII A.3/26$b6827 (18/3/98)$fDAGEN 959 $aDAGEN 996 $aConferencia Latino - Americana de florestas e produtos florestais. Teresopolis (estado do Rio de Janeiro).Relatorio. Junho de 1948$9406743 997 $aUNINA DB $aING01 LEADER 01514nam 2200373Ia 450 001 996392346103316 005 20221108002211.0 035 $a(CKB)1000000000678925 035 $a(EEBO)2240914668 035 $a(OCoLC)9920464100971 035 $a(EXLCZ)991000000000678925 100 $a19950918d1610 uy | 101 0 $aeng 135 $aurbn||||a|bb| 200 10$aBy the King$b[electronic resource] $ethis later age and times of the world wherein we are fallen, is so much giuen to verball profession, aswell of religion, as of all commendable morall vertues .. 210 $aImprinted at London $cBy Robert Barker, Printer to the Kings most Excellent Maiestie$dAnno Dom. 1610 215 $a1 sheet ([1] p.) 300 $aOther title information from first 3 lines of text. 300 $aFor suppressing J. Cowell's Interpreter (STC 5900). 300 $a"Giuen at our Palace of Westminster the 25. day of March, in the eight yeere of our Reigne of Great Britaine, France and Ireland." 300 $aReproduction of original in: Society of Antiquaries. 330 $aeebo-0147 606 $aProhibited books$zEngland 607 $aGreat Britain$xHistory$yJames I, 1603-1625 608 $aBroadsides$zLondon (England)$y17th century.$2rbgenr 615 0$aProhibited books 701 $aJames$cKing of England,$f1566-1625.$01001019 801 0$bEBK 801 1$bEBK 801 2$bWaOLN 906 $aBOOK 912 $a996392346103316 996 $aBy the King$92299281 997 $aUNISA